Normal view
MARC view
Entry Personal Name
001 - CONTROL NUMBER
- control field: 15056
003 - CONTROL NUMBER IDENTIFIER
- control field: ARRUPE
005 - DATE AND TIME OF LATEST TRANSACTION
- control field: 20150213145257.0
008 - FIXED-LENGTH DATA ELEMENTS
- fixed length control field: 150213|| aca||aabn | a|a d
040 ## - CATALOGING SOURCE
- Original cataloging agency: ARRUPE
- Transcribing agency: ARRUPE
100 ## - HEADING--PERSONAL NAME
- Personal name: Heelan, Patrick
670 ## - SOURCE DATA FOUND
- Source citation: Work cat.: (ARRUPE): Heelan, Patrick A. 15054, Patrick Heelan, 2005-2006